Normal view
MARC view
- Batalla, Hugo.
Entry Personal Name
001 - CONTROL NUMBER
- control field: 25929
003 - CONTROL NUMBER IDENTIFIER
- control field: NUST
005 - DATE AND TIME OF LATEST TRANSACTION
- control field: 20191120120226.0
008 - FIXED-LENGTH DATA ELEMENTS
- fixed length control field: 191120|| aca||aabn | a|a d
040 ## - CATALOGING SOURCE
- Original cataloging agency: NUST
- Transcribing agency: NUST
100 ## - HEADING--PERSONAL NAME
- Personal name: Batalla, Hugo.
670 ## - SOURCE DATA FOUND
- Source citation: Work cat.: (NUST)0: Carbajal, Miguel. 25923, Palacio Legislativo :, [1998]
